00693nai a2200169Ia 4500003000900000008004100009022002300050040001600073245005200089260008600141310001300227362002400240521006900264650005100333650004600384856009300430IN-BaIIA211028c9999 xx s 000 0 eng d a2644-1292 (Online) cIIA Library 0aIEEE Open Journal of Nanotechnologyh[eJournal] aNew York, USAbThe Institute of Electrical and Electronics Engineers, Inc. (IEEE) aAnnually a1(); 2020 - Present bSubscribed through National Knowledge Resource Consortium (NKRC) a Engineered Materials, Dielectrics and Plasmas aComponents, Circuits, Devices and Systems uhttps://ieeexplore.ieee.org/servlet/opac?punumber=8782713yClick Here to Access eJournal